[Event "87th ch-FRA 2012"]
[Site "Pau FRA"]
[Date "2012.08.13"]
[Round "1"]
[White "Edouard, R."]
[Black "Istratescu, A."]
[Result "1/2-1/2"]
[WhiteElo "2652"]
[BlackElo "2647"]
[PlyCount "57"]
[EventDate "2012.08.13"]
[SourceDate "1999.07.01"]

1. e4 c5 2. Nf3 d6 3. d4 cxd4 4. Nxd4 Nf6 5. Nc3 Nc6 6. Bc4 e6 7. Be3 Be7 8.
Qe2 a6 9. O-O-O Qc7 10. Bb3 O-O 11. Rhg1 Nd7 12. g4 Nc5 13. Nf5 b5 14. Bd5 Bb7
15. g5 Rfc8 16. Rg3 Bf8 17. Qh5 g6 18. Nh6+ Kh8 19. Qh4 b4 20. Rh3 bxc3 21. Ng4
f5 22. Nf6 h6 23. Qxh6+ Bxh6 24. Rxh6+ Kg7 25. Rh7+ Kf8 26. Rh8+ Kg7 27. Rh7+
Kf8 28. Rh8+ Kg7 29. Rh7+ 1/2-1/2

[Event "2nd Riga Tech Open"]
[Site "Riga LAT"]
[Date "2012.08.10"]
[Round "7.5"]
[White "David, Alb"]
[Black "Kanep, M."]
[Result "1/2-1/2"]
[WhiteElo "2595"]
[BlackElo "2505"]
[PlyCount "139"]
[EventDate "2012.08.06"]
[SourceDate "1999.07.01"]

1. e4 c5 2. Nf3 d6 3. c3 Nf6 4. Be2 g6 5. O-O Bg7 6. Bb5+ Nfd7 7. d4 O-O 8. Re1
Na6 9. Be3 Nf6 10. Nbd2 Nc7 11. Be2 b6 12. h3 Bb7 13. Bd3 Rb8 14. Rc1 Qd7 15.
Qc2 Rbc8 16. Qb1 Rfd8 17. Rcd1 Qe8 18. Bc2 h6 19. Bb3 e5 20. a4 Qe7 21. Ba2 Bc6
22. Bb3 Bb7 23. dxe5 dxe5 24. Bc2 Ba6 25. b4 cxb4 26. cxb4 Bb7 27. Nc4 Na6 28.
Rxd8+ Rxd8 29. Ncxe5 Nh5 30. Nxf7 Kxf7 31. Bb3+ Kf8 32. e5 Bxf3 33. Qxg6 Bd5
34. Bxd5 Rxd5 35. Rc1 Nc7 36. Qxh5 Rxe5 37. Qf3+ Kg8 38. Rc6 Nd5 39. Bd4 Qd7
40. Rg6 Re7 41. Qg3 Kh7 42. Bxg7 Rxg7 43. Rxg7+ Qxg7 44. Qd3+ Qg6 45. Qxd5 Qb1+
46. Kh2 Qxb4 47. Qf7+ Kh8 48. Qe8+ Kh7 49. Qd7+ Kh8 50. g4 a6 51. Qc8+ Kg7 52.
Qb7+ Kg8 53. Qa8+ Kg7 54. Qa7+ Kg8 55. Qxa6 Qd6+ 56. Kg1 Qd1+ 57. Kg2 Qd5+ 58.
Kg1 Qd1+ 59. Kg2 Qd5+ 60. Kg3 Qe5+ 61. Kf3 Qc3+ 62. Ke4 Qb4+ 63. Kd3 Qa3+ 64.
Kc4 Qc1+ 65. Kd5 Qc5+ 66. Ke4 Qb4+ 67. Kf3 Qb3+ 68. Kf4 Qb4+ 69. Kg3 Qd6+ 70.
Kg2 1/2-1/2

[Event "81st ch-UKR 2012"]
[Site "Kiev UKR"]
[Date "2012.07.31"]
[Round "5.3"]
[White "Miroshnichenko, E."]
[Black "Areshchenko, A."]
[Result "1/2-1/2"]
[WhiteElo "2621"]
[BlackElo "2691"]
[PlyCount "159"]
[EventDate "2012.07.27"]
[SourceDate "1999.07.01"]

1. e4 c5 2. Nf3 d6 3. c3 Nf6 4. Bd3 Nc6 5. O-O Bg4 6. Re1 e6 7. h3 Bh5 8. Bf1
Be7 9. d3 O-O 10. Nbd2 d5 11. exd5 Nxd5 12. g3 Qc7 13. Bg2 Rad8 14. Qe2 Rfe8
15. a4 Bg6 16. Rd1 e5 17. Nc4 f6 18. Nh4 Bf7 19. Nf5 Bf8 20. h4 Qd7 21. Be4
Nxc3 22. bxc3 Bxc4 23. Rb1 Be6 24. Qf3 g6 25. Nh6+ Kg7 26. g4 Be7 27. h5 Rf8
28. hxg6 hxg6 29. Nf5+ Kf7 30. Nh6+ Kg7 31. Nf5+ gxf5 32. gxf5 Bg8 33. Qh5 Bh7
34. Bh6+ Kh8 35. Bxf8 Rxf8 36. Kh1 Rg8 37. Rg1 Rxg1+ 38. Rxg1 Bf8 39. Rg3 Nd8
40. Rh3 Qf7 41. Qg6 Qg7 42. Bd5 Nc6 43. Be6 Ne7 44. Qe8 Ng8 45. Rg3 Qe7 46. Qc8
Nh6 47. a5 Bg8 48. Bxg8 Nxg8 49. Kg2 Nh6 50. Rh3 Kg7 51. Rg3+ Kh7 52. Rh3 Qg7+
53. Kf1 Qf7 54. c4 Qe7 55. Ke2 Bg7 56. Qe6 Bf8 57. Rh1 Qg7 58. Qd5 Qc7 59. Qg2
Qe7 60. Qg6+ Kh8 61. Kd2 Bg7 62. Rxh6+ Bxh6+ 63. Qxh6+ Kg8 64. Qh1 Qd7 65. Qh5
Qd8 66. Qg6+ Kf8 67. Ke2 a6 68. Qh7 Qxa5 69. Qxb7 Qa2+ 70. Ke3 Qa1 71. Qc8+ Kg7
72. Qxc5 Qe1+ 73. Kf3 Qd1+ 74. Ke4 Qg4+ 75. Kd5 Qxf5 76. Qe7+ Kg6 77. Qe8+ Kg7
78. Qe7+ Kg6 79. Qe8+ Kg7 80. Qe7+ 1/2-1/2

[Event "Politiken Cup 2012"]
[Site "Helsingor DEN"]
[Date "2012.07.31"]
[Round "5.1"]
[White "Popovic, Du"]
[Black "Cheparinov, I."]
[Result "0-1"]
[WhiteElo "2579"]
[BlackElo "2677"]
[PlyCount "124"]
[EventDate "2012.07.28"]
[SourceDate "1999.07.01"]

1. e4 c5 2. Nf3 d6 3. Bb5+ Nd7 4. c3 Ngf6 5. Qe2 a6 6. Ba4 e5 7. O-O Be7 8. d4
O-O 9. Rd1 Qc7 10. Bc2 b5 11. a4 b4 12. dxe5 Nxe5 13. Nxe5 dxe5 14. Nd2 bxc3
15. bxc3 c4 16. Qxc4 Qa7 17. Qe2 a5 18. Nf3 Qc7 19. Bd3 Be6 20. Rb1 Rfd8 21.
Be3 Rab8 22. Rxb8 Rxb8 23. Rb1 Rxb1+ 24. Bxb1 Qxc3 25. Qc2 Qa1 26. Bc1 Bd7 27.
Bb2 Qxa4 28. Qxa4 Bxa4 29. Bc3 Bd8 30. Nxe5 Bb5 31. g3 a4 32. Bd4 Nd7 33. Nxd7
Bxd7 34. Kf1 Bg4 35. Bc5 Bf6 36. Bc2 Bd7 37. Ba3 Bb5+ 38. Ke1 Bc3+ 39. Kd1 Bd4
40. f3 h5 41. Kd2 g5 42. Bd3 Bd7 43. Ke2 h4 44. gxh4 gxh4 45. f4 Bg1 46. Kf3
Bxh2 47. f5 f6 48. Kg4 Bg3 49. Bb2 Kg7 50. Ba3 Bc6 51. Kh3 Kf7 52. Kg4 Ke8 53.
Bc4 Kd7 54. e5 Bxe5 55. Kxh4 Bd6 56. Bb2 Ke7 57. Kh5 a3 58. Bc3 Be8+ 59. Kh6
Bf7 60. Kg7 Bxc4 61. Bxf6+ Kd7 62. Bc3 Kc6 0-1

[Event "Dutch Open 2012"]
[Site "Dieren NED"]
[Date "2012.07.30"]
[Round "6.3"]
[White "Smeets, J."]
[Black "Greenfeld, A."]
[Result "1-0"]
[WhiteElo "2620"]
[BlackElo "2556"]
[PlyCount "81"]
[EventDate "2012.07.24"]
[SourceDate "1999.07.01"]

1. e4 c5 2. Nf3 d6 3. d4 cxd4 4. Nxd4 Nf6 5. Nc3 Nc6 6. Bg5 e6 7. Qd2 Be7 8.
O-O-O O-O 9. f4 h6 10. h4 Nxd4 11. Qxd4 Qa5 12. Be2 Rd8 13. Qe3 b5 14. e5 dxe5
15. fxe5 Rxd1+ 16. Kxd1 Qd8+ 17. Bd3 Nd5 18. Nxd5 exd5 19. Bxh6 Qd7 20. Bf4
Qg4+ 21. Qf3 b4 22. Be2 Qxf3 23. Bxf3 Be6 24. h5 a5 25. Kd2 a4 26. b3 Bc5 27.
Be3 Bxe3+ 28. Kxe3 Rc8 29. Rc1 axb3 30. axb3 d4+ 31. Kd2 Bf5 32. g4 Bh7 33. Bd5
Rc3 34. g5 Kf8 35. Rf1 Rxc2+ 36. Kd1 Ra2 37. g6 Bg8 38. gxf7 Bh7 39. Rf4 Bc2+
40. Ke1 d3 41. e6 1-0

[Event "2nd Polugaevsky Mem"]
[Site "Samara RUS"]
[Date "2012.07.13"]
[Round "9.4"]
[White "Fedorov, Alex"]
[Black "Gabrielian, A."]
[Result "1/2-1/2"]
[WhiteElo "2562"]
[BlackElo "2594"]
[PlyCount "80"]
[EventDate "2012.07.05"]
[SourceDate "1999.07.01"]

1. e4 c5 2. Nf3 d6 3. d4 cxd4 4. Nxd4 Nf6 5. f3 e5 6. Nb3 Be6 7. c4 a5 8. Be3
Nc6 9. Nc3 a4 10. Nd2 Qa5 11. Rc1 Be7 12. Bd3 O-O 13. O-O Bd8 14. Rf2 Nd7 15.
Ndb1 Bb6 16. Bxb6 Nxb6 17. Na3 Nb4 18. Bf1 Rfc8 19. Rd2 Bxc4 20. Nxc4 Nxc4 21.
Bxc4 Rxc4 22. Rxd6 Nc6 23. Kh1 Qb4 24. Rd2 a3 25. Nd5 axb2 26. Rb1 Qc5 27.
Rdxb2 h6 28. Qg1 Ra3 29. Qxc5 Rxc5 30. Rxb7 Rxa2 31. Ne7+ Nxe7 32. Rxe7 Rcc2
33. Rg1 f6 34. Rd7 Kh7 35. Rdd1 Rcb2 36. Rb1 Rxb1 37. Rxb1 Rc2 38. h4 h5 39.
Kh2 Kg6 40. Rb7 Ra2 1/2-1/2

[Event "81st ch-UKR 2012"]
[Site "Kiev UKR"]
[Date "2012.07.28"]
[Round "2.6"]
[White "Areshchenko, A."]
[Black "Vovk, Y."]
[Result "1-0"]
[WhiteElo "2691"]
[BlackElo "2562"]
[PlyCount "79"]
[EventDate "2012.07.27"]
[SourceDate "1999.07.01"]

1. e4 c5 2. Nf3 d6 3. d4 cxd4 4. Nxd4 Nf6 5. Nc3 Nc6 6. Bg5 e6 7. Qd2 a6 8.
O-O-O Bd7 9. f3 b5 10. Nxc6 Bxc6 11. Kb1 Be7 12. h4 Rc8 13. Bd3 h6 14. Be3 Nd7
15. g4 Ne5 16. Qg2 Qc7 17. Ne2 d5 18. Nd4 dxe4 19. fxe4 Nxd3 20. cxd3 Bb7 21.
g5 hxg5 22. Bxg5 Bd6 23. h5 Qc5 24. Be3 Qe5 25. Qg4 Qg3 26. Qe2 Bf4 27. Nf3
Bxe3 28. Qxe3 Qc7 29. Rc1 Qd6 30. Rcg1 Qc5 31. Qf4 Rxh5 32. Rxh5 Qxh5 33. Rxg7
Ke7 34. a3 Bc6 35. Ne5 Be8 36. Ng6+ Qxg6 37. Rxg6 fxg6 38. d4 b4 39. Qg5+ Kd6
40. Qe5+ 1-0

[Event "Corporation Centre Cup A"]
[Site "Izhevsk RUS"]
[Date "2012.07.17"]
[Round "3.4"]
[White "Ovetchkin, R."]
[Black "Dvoirys, S."]
[Result "1/2-1/2"]
[WhiteElo "2501"]
[BlackElo "2580"]
[PlyCount "82"]
[EventDate "2012.07.15"]
[SourceDate "1999.07.01"]

1. e4 c5 2. Nf3 d6 3. d4 cxd4 4. Qxd4 Nc6 5. Bb5 Bd7 6. Bxc6 Bxc6 7. c4 f5 8.
exf5 Qa5+ 9. Nbd2 Bxf3 10. gxf3 Qxf5 11. O-O Nf6 12. Re1 h5 13. Ne4 Nxe4 14.
Qxe4 Qxe4 15. Rxe4 Kd7 16. Bg5 e6 17. Rd1 Be7 18. Bf4 Rad8 19. Bxd6 Bxd6 20. c5
Ke7 21. cxd6+ Rxd6 22. Rxd6 Kxd6 23. Rd4+ Ke7 24. Rc4 Rd8 25. Kg2 Rd7 26. Kg3
Kf6 27. Rf4+ Kg6 28. Ra4 b6 29. Re4 Kf5 30. Rf4+ Kg5 31. h4+ Kg6 32. Re4 Kf5
33. Rf4+ Kg6 34. Re4 Kf6 35. Rf4+ Ke7 36. Rc4 g6 37. b3 Kf6 38. Rf4+ Ke7 39.
Rc4 Kf6 40. Rf4+ Kg7 41. Rc4 Kf6 1/2-1/2

[Event "Turkish Bank Chess League 2012"]
[Site "Konya TUR"]
[Date "2012.07.18"]
[Round "9"]
[White "Durarbayli, V."]
[Black "Mchedlishvili, M."]
[Result "0-1"]
[WhiteElo "2576"]
[BlackElo "2656"]
[PlyCount "64"]
[EventDate "2012.07.11"]
[SourceDate "1999.07.01"]
[WhiteTeam "Ankara Gazi"]
[BlackTeam "Tarsus Zeka"]

1. e4 c5 2. Nf3 d6 3. d4 cxd4 4. Nxd4 Nf6 5. Nc3 g6 6. Be3 Bg7 7. f3 O-O 8. Qd2
Nc6 9. Bc4 Bd7 10. O-O-O Rc8 11. Bb3 Ne5 12. Kb1 a6 13. h4 h5 14. Bg5 Re8 15.
g4 hxg4 16. f4 Nc4 17. Qe2 Na3+ 18. bxa3 Rxc3 19. e5 Qc8 20. Rhe1 Rxb3+ 21.
Nxb3 Bc6 22. exf6 exf6 23. Qc4 fxg5 24. hxg5 Rxe1 25. Rxe1 Qf5 26. Qb4 Qd5 27.
Rg1 Qf3 28. Nd4 Qf2 29. Rd1 Be4 30. Qxd6 g3 31. Qc5 Bxc2+ 32. Qxc2 Bxd4 0-1

[Event "Turkish Bank Chess League 2012"]
[Site "Konya TUR"]
[Date "2012.07.18"]
[Round "9"]
[White "Gagunashvili, M."]
[Black "Kulaots, K."]
[Result "1/2-1/2"]
[WhiteElo "2578"]
[BlackElo "2570"]
[PlyCount "106"]
[EventDate "2012.07.11"]
[SourceDate "1999.07.01"]
[WhiteTeam "Tarsus Zeka"]
[BlackTeam "Ankara Gazi"]

1. e4 c5 2. Nf3 d6 3. c3 Nf6 4. Bd3 Bg4 5. h3 Bxf3 6. Qxf3 Nc6 7. Bc2 g6 8. O-O
Bh6 9. Qe2 O-O 10. Na3 Rb8 11. Nc4 d5 12. exd5 Nxd5 13. d3 Bxc1 14. Raxc1 Qc7
15. Rcd1 Rbd8 16. Rfe1 Kg7 17. Nd2 e5 18. Nb3 b6 19. Bb1 Rfe8 20. g3 Re7 21.
Nd2 Qc8 22. Kh2 Qc7 23. Nf3 Rde8 24. Qd2 Qb7 25. Re2 Nd8 26. Nh4 f6 27. Rde1
Ne6 28. a3 Ng5 29. Rh1 Qd7 30. Kg2 Qc6 31. Kh2 Rd8 32. Qe1 Red7 33. Qf1 Nc7 34.
Qg2 Qb5 35. f4 Nf7 36. Rf1 Re8 37. c4 Qa6 38. Qc6 Qc8 39. fxe5 fxe5 40. d4 exd4
41. Rxe8 Qxe8 42. Qf6+ Kg8 43. Bxg6 hxg6 44. Qxg6+ Kf8 45. Qh6+ Kg8 46. Qg6+
Kf8 47. Qh7 Ke7 48. Re1+ Ne6 49. Rxe6+ Kxe6 50. Qg6+ Ke7 51. Qe4+ Ne5 52. Qxe5+
Kf7 53. Qh5+ Ke7 1/2-1/2

[Event "Turkish Bank Chess League 2012"]
[Site "Konya TUR"]
[Date "2012.07.21"]
[Round "12"]
[White "Deviatkin, A."]
[Black "Nielsen, PH."]
[Result "1-0"]
[WhiteElo "2590"]
[BlackElo "2665"]
[PlyCount "73"]
[EventDate "2012.07.11"]
[SourceDate "1999.07.01"]
[WhiteTeam "Adana Truva"]
[BlackTeam "Denizli Er Bakir"]

1. e4 c5 2. Nf3 d6 3. c3 Nf6 4. h3 Nc6 5. Bd3 g6 6. O-O Bg7 7. Bc2 O-O 8. d4
cxd4 9. cxd4 Nb4 10. Bb3 d5 11. e5 Ne4 12. Nc3 Nxc3 13. bxc3 Nc6 14. Nh2 f6 15.
exf6 exf6 16. Qf3 Be6 17. Re1 Bf7 18. Ng4 Na5 19. Nh6+ Bxh6 20. Bxh6 Nxb3 21.
axb3 Re8 22. Rxe8+ Bxe8 23. h4 Bf7 24. Ra5 b6 25. Ra6 Be6 26. c4 Kf7 27. c5 Qc8
28. Qf4 Qxa6 29. Qc7+ Ke8 30. Qc6+ Ke7 31. Qxa8 bxc5 32. Bf8+ Kf7 33. Bxc5 Bc8
34. Qb8 Qb7 35. Qd6 Qd7 36. Qf8+ Ke6 37. g4 1-0

[Event "Turkish Bank Chess League 2012"]
[Site "Konya TUR"]
[Date "2012.07.22"]
[Round "13"]
[White "Savchenko, B."]
[Black "Nyzhnyk, I."]
[Result "0-1"]
[WhiteElo "2550"]
[BlackElo "2599"]
[PlyCount "86"]
[EventDate "2012.07.11"]
[SourceDate "1999.07.01"]
[WhiteTeam "Manisa T.S Alyans"]
[BlackTeam "Ankara Gazi"]

1. e4 c5 2. Nf3 d6 3. d4 cxd4 4. Nxd4 Nf6 5. f3 Nc6 6. c4 Qb6 7. Nc2 g6 8. Nc3
Bg7 9. Rb1 Ng4 10. Qd2 Bh6 11. f4 e5 12. g3 exf4 13. gxf4 O-O 14. h3 Nf6 15.
Qf2 Nh5 16. Be3 Qd8 17. Rd1 Qe8 18. Rxd6 Bg7 19. Kd2 Bxc3+ 20. Kxc3 Qxe4 21.
Bg2 Qf5 22. b4 Be6 23. Bxc6 bxc6 24. Nd4 Qe4 25. Re1 a5 26. b5 cxb5 27. cxb5
Rfc8+ 28. Kb2 a4 29. Nc6 Qc4 30. Ka1 Qc3+ 31. Qb2 Qxe1+ 32. Bc1 a3 33. Qd2 Qxd2
34. Bxd2 Rc7 35. b6 Rb7 36. f5 gxf5 37. Be3 Nf6 38. Rd1 h5 39. Bd4 Ne8 40. Rg1+
Kh7 41. h4 Rc8 42. Na5 Rd7 43. Be5 Rc5 0-1

[Event "Grand Prix FFE Aix 2012"]
[Site "Aix les Bains FRA"]
[Date "2012.07.21"]
[Round "5.4"]
[White "Istratescu, A."]
[Black "Jankovic, A."]
[Result "0-1"]
[WhiteElo "2641"]
[BlackElo "2543"]
[PlyCount "102"]
[EventDate "2012.07.21"]
[EventType "swiss (rapid)"]
[SourceDate "1999.07.01"]

1. e4 c5 2. Nf3 d6 3. d4 cxd4 4. Nxd4 Nf6 5. Nc3 Nc6 6. Bg5 e6 7. Qd2 a6 8.
O-O-O Bd7 9. f4 b5 10. Bxf6 gxf6 11. Nxc6 Bxc6 12. Qe1 b4 13. Nd5 a5 14. Bd3
Bg7 15. f5 Bxd5 16. exd5 Bh6+ 17. Kb1 e5 18. Bb5+ Ke7 19. Bc6 Rb8 20. Rf1 Rg8
21. Qe4 Qb6 22. Rd3 Bg5 23. g3 h5 24. h3 h4 25. g4 Qa7 26. b3 Qc5 27. Re1 Kf8
28. Qg2 Kg7 29. Re4 Qb6 30. Rf3 Rgc8 31. Qf2 Rxc6 32. dxc6 Qxc6 33. Rc4 Qb7 34.
a4 d5 35. Rc5 e4 36. Rb5 Qc8 37. Re3 Rxb5 38. axb5 Qc5 39. Re2 Qxb5 40. Re1 a4
41. bxa4 Qxa4 42. Qd4 Bf4 43. Qxd5 Be5 44. Qa2 Qc6 45. c4 bxc3 46. Kc2 Bf4 47.
Ra1 e3 48. Qa6 Qg2+ 49. Kxc3 Be5+ 50. Kd3 Qd2+ 51. Ke4 Qd4+ 0-1

[Event "Turkish Bank Chess League 2012"]
[Site "Konya TUR"]
[Date "2012.07.14"]
[Round "4"]
[White "Iordachescu, V."]
[Black "Mchedlishvili, M."]
[Result "1-0"]
[WhiteElo "2636"]
[BlackElo "2656"]
[PlyCount "71"]
[EventDate "2012.07.11"]
[SourceDate "1999.07.01"]
[WhiteTeam "Denizli Pamukkale Universitesi"]
[BlackTeam "Tarsus Zeka"]

1. e4 c5 2. Nf3 d6 3. d4 cxd4 4. Nxd4 Nf6 5. Nc3 g6 6. Be3 Bg7 7. f3 O-O 8. Qd2
Nc6 9. Bc4 Bd7 10. O-O-O Rc8 11. Bb3 Ne5 12. Kb1 a6 13. h4 h5 14. Rdg1 b5 15.
g4 a5 16. gxh5 Nxh5 17. f4 a4 18. Bd5 b4 19. Nce2 e6 20. fxe5 dxe5 21. Nf5 exd5
22. Nxg7 Kxg7 23. Bh6+ Kh7 24. Bxf8 Qxf8 25. Qxd5 Bc6 26. Qd3 b3 27. cxb3 axb3
28. a3 Rd8 29. Qc4 Qe8 30. Nc3 Nf6 31. h5 Nxh5 32. Qxb3 Rd4 33. Qc2 f6 34. Nd5
Bxd5 35. exd5 Kh6 36. Rd1 1-0

[Event "Turkish Bank Chess League 2012"]
[Site "Konya TUR"]
[Date "2012.07.16"]
[Round "7"]
[White "Solak, D."]
[Black "Kulaots, K."]
[Result "1/2-1/2"]
[WhiteElo "2589"]
[BlackElo "2570"]
[PlyCount "23"]
[EventDate "2012.07.11"]
[SourceDate "1999.07.01"]
[WhiteTeam "Besiktas Jimnastik"]
[BlackTeam "Ankara Gazi"]

1. e4 c5 2. Nf3 d6 3. Bb5+ Bd7 4. Bxd7+ Qxd7 5. O-O Nf6 6. e5 dxe5 7. Nxe5 Qc8
8. Qf3 e6 9. d3 Be7 10. Nc3 O-O 11. Bf4 Nfd7 12. Qg3 1/2-1/2

[Event "ch-SWE 2012"]
[Site "Falun SWE"]
[Date "2012.07.08"]
[Round "2.2"]
[White "Hector, J."]
[Black "Grandelius, N."]
[Result "1/2-1/2"]
[WhiteElo "2530"]
[BlackElo "2570"]
[PlyCount "88"]
[EventDate "2012.07.07"]
[SourceDate "1999.07.01"]

1. e4 c5 2. Nf3 d6 3. d4 cxd4 4. Nxd4 Nf6 5. Nc3 g6 6. f4 Nc6 7. Nf3 Bg7 8. Bd3
O-O 9. O-O b5 10. Qe1 Nb4 11. Qh4 Nxd3 12. cxd3 b4 13. Nd1 e6 14. Be3 Ba6 15.
Nf2 Nh5 16. Qxd8 Rfxd8 17. g4 Nf6 18. Rac1 h5 19. gxh5 Nxh5 20. Rc7 Rdc8 21.
Rfc1 Bxb2 22. R1c6 Bb7 23. Rc4 Ba6 24. R4c6 Rxc7 25. Rxc7 Bb5 26. d4 Nf6 27.
Rb7 a6 28. Ng5 Rf8 29. e5 dxe5 30. dxe5 Nh7 31. Nxh7 Kxh7 32. Ne4 g5 33. Nxg5+
Kg6 34. Kf2 Bc3 35. h3 Bc4 36. Bc5 Rc8 37. Bd6 Bb5 38. Kg3 Bd4 39. Bxb4 Rc1 40.
Rxf7 Rg1+ 41. Kf3 Bc6+ 42. Ke2 Bb5+ 43. Kf3 Bc6+ 44. Ke2 Bb5+ 1/2-1/2

[Event "9th South Wales Int"]
[Site "Penarth WLS"]
[Date "2012.07.11"]
[Round "7.1"]
[White "Petrov, Marij"]
[Black "Chatalbashev, B."]
[Result "1/2-1/2"]
[WhiteElo "2522"]
[BlackElo "2550"]
[PlyCount "26"]
[EventDate "2012.07.08"]
[SourceDate "1999.07.01"]

1. e4 c5 2. Nf3 d6 3. d4 cxd4 4. Nxd4 Nf6 5. Nc3 g6 6. Be3 Bg7 7. f3 O-O 8. Qd2
Nc6 9. Bc4 Bd7 10. O-O-O Rc8 11. Bb3 Ne5 12. h4 h5 13. Kb1 Re8 1/2-1/2

[Event "40th TCh-GRE 2012"]
[Site "Achaea GRE"]
[Date "2012.07.01"]
[Round "2.7"]
[White "Svetushkin, D."]
[Black "Kempinski, R."]
[Result "1/2-1/2"]
[WhiteElo "2597"]
[BlackElo "2606"]
[PlyCount "78"]
[EventDate "2012.06.30"]
[SourceDate "1999.07.01"]
[WhiteTeam "PEIRAIKOS PG"]
[BlackTeam "EOAO FYSIOLATRIS NICE"]

1. e4 c5 2. Nf3 d6 3. Bb5+ Nd7 4. c3 Ngf6 5. Qe2 a6 6. Ba4 e5 7. O-O Be7 8. d4
O-O 9. d5 Ne8 10. c4 g6 11. Nc3 Ng7 12. a3 f5 13. b4 Qc7 14. Be3 f4 15. Bd2 g5
16. Rfc1 Nb6 17. Bb3 g4 18. Ne1 f3 19. Qd3 fxg2 20. bxc5 dxc5 21. Nxg2 Bd6 22.
Ne2 Rf3 23. Be3 Nh5 24. Ng3 Nf4 25. Qd2 Nh3+ 26. Kh1 Qf7 27. Nh4 Qf6 28. Nhf5
Bxf5 29. exf5 Rxf5 30. Bd1 Nxf2+ 31. Bxf2 Rxf2 32. Ne4 Rf1+ 33. Kg2 Qg6 34.
Kxf1 Qxe4 35. Qg5+ Kh8 36. Qf6+ Kg8 37. Qg5+ Kh8 38. Qf6+ Kg8 39. Qe6+ Kh8
1/2-1/2

[Event "Mukachevo Summer Open"]
[Site "Mukachevo UKR"]
[Date "2012.07.01"]
[Round "9.2"]
[White "Bogdanovich, S."]
[Black "Tarlev, K."]
[Result "1-0"]
[WhiteElo "2515"]
[BlackElo "2526"]
[PlyCount "85"]
[EventDate "2012.06.26"]
[SourceDate "1999.07.01"]

1. e4 c5 2. Nf3 d6 3. d4 cxd4 4. Nxd4 Nf6 5. Nc3 Nc6 6. f3 Qb6 7. Nb3 e6 8. Qe2
a6 9. Be3 Qc7 10. g4 b5 11. Qf2 Rb8 12. O-O-O Ne5 13. g5 Nfd7 14. Bh3 Nc4 15.
f4 Ndb6 16. Bxb6 Qxb6 17. Qxb6 Rxb6 18. f5 b4 19. Ne2 e5 20. Rd3 Be7 21. Rg3
Bb7 22. Bg2 h6 23. h4 hxg5 24. hxg5 Rxh1+ 25. Bxh1 d5 26. exd5 Rb5 27. c3 Bxd5
28. Bxd5 Rxd5 29. cxb4 e4 30. Nc3 Rxf5 31. Nxe4 Bxb4 32. g6 Rf1+ 33. Kc2 f5 34.
Nf6+ Kf8 35. Nd5 Rf2+ 36. Kd3 Ne5+ 37. Ke3 Be1 38. Nc5 Nc4+ 39. Kd4 Rd2+ 40.
Rd3 Rxd3+ 41. Nxd3 Ne5 42. Nc5 Ke8 43. Ke3 1-0

[Event "TCh-SUI National A 2012"]
[Site "Switzerland SUI"]
[Date "2012.06.24"]
[Round "5.1"]
[White "Bauer, Ch"]
[Black "Riff, JN."]
[Result "1-0"]
[WhiteElo "2679"]
[BlackElo "2509"]
[PlyCount "139"]
[EventDate "2012.03.18"]
[SourceDate "1999.07.01"]
[WhiteTeam "Zuerich 1"]
[BlackTeam "Reichenstein 1"]

1. e4 c5 2. Nf3 d6 3. Bc4 Nf6 4. d3 Nc6 5. c3 g6 6. O-O Bg7 7. Bb3 O-O 8. h3 b5
9. d4 cxd4 10. cxd4 Na5 11. Bc2 Bb7 12. Re1 Rc8 13. Bd3 a6 14. Nbd2 Nd7 15. Nf1
Nc6 16. Bc2 a5 17. Bg5 Nb6 18. b3 a4 19. Qd2 Qd7 20. N1h2 d5 21. e5 f5 22. Bd3
Ba6 23. h4 e6 24. Nf1 Qa7 25. Ng3 Rf7 26. h5 Nd7 27. Ne2 gxh5 28. bxa4 bxa4 29.
Bxa6 Qxa6 30. Nf4 Nf8 31. Rec1 Rfc7 32. Nxh5 Qa5 33. Qxa5 Nxa5 34. Rxc7 Rxc7
35. Bd8 Ra7 36. Bb6 Ra6 37. Bxa5 Rxa5 38. Rb1 Ra7 39. Rb6 Bh6 40. Nf6+ Kg7 41.
g3 Bc1 42. Ne8+ Kg8 43. Rc6 Bb2 44. Nc7 Rb7 45. Nxe6 Nxe6 46. Rxe6 Rb4 47. Rf6
Bxd4 48. Nxd4 Rxd4 49. Rxf5 Re4 50. Kf1 Kg7 51. e6 Rxe6 52. Rxd5 Re4 53. Ra5
Kg6 54. Kg2 Rc4 55. a3 h5 56. Kh3 h4 57. g4 Rf4 58. Kxh4 Rxf2 59. Ra6+ Kg7 60.
Kg5 Rc2 61. Ra7+ Kg8 62. Rxa4 Rc5+ 63. Kg6 Rc6+ 64. Kh5 Rc5+ 65. g5 Rc6 66. Ra7
Rd6 67. a4 Rc6 68. a5 Rd6 69. a6 Rc6 70. g6 1-0